| 000 | 00471nam a22001697a 4500 | ||
|---|---|---|---|
| 003 | OSt | ||
| 005 | 20151123152522.0 | ||
| 008 | 151123b xxu||||| |||| 00| 0 eng d | ||
| 040 | _cDDC | ||
| 082 | _a338.9 UNDP 2001 | ||
| 100 |
_aUNDP _96273 |
||
| 245 |
_aHuman Development report 2001: _bMaking New Technologies Work For Human Development. |
||
| 260 |
_aNew york _bUndp. _c2001. |
||
| 300 |
_axiii,264p; _bcol,ill; _c27cm |
||
| 650 |
_aDevelopment _9612 |
||
| 942 |
_2z _cSLOAN |
||
| 999 |
_c2663 _d2663 |
||